[Event "Bialystok U20"]
[Site "Bialystok"]
[Date "2008.01.21"]
[Round "1"]
[White "Puksza, Andrzej"]
[Black "Zwolan, Adam"]
[Result "1-0"]
[WhiteElo "1966"]
[BlackElo "1550"]
[PlyCount "44"]
[EventDate "2008.01.21"]
[EventType "swiss"]
[EventRounds "9"]
[EventCountry "POL"]
[SourceTitle "EXT 2010"]
[Source "ChessBase"]
[SourceDate "2010.11.25"]
[SourceVersion "1"]
[SourceVersionDate "2010.11.25"]
[SourceQuality "1"]

1. e4 e5 2. Nf3 Nc6 3. Bb5 a6 4. Bxc6 dxc6 5. 0-0 f6 6. c3 Bg4 7. h3 Bxf3 8. Qxf3 Bc5 9. d4 Bd6 10. Rd1 Qe7 11. Nd2 Nh6 12. Nc4 Nf7 13. Qg4 g6 14. f4 exd4 15. cxd4 Qxe4 16. Qh4 0-0-0 17. Qxf6 Qd5 18. Ne3 Qe4 19. Qxf7 Rhf8 20. Qb3 Bxf4 21. Qd3 Qe7 22. Ng4 Bg3 1-0